00397nam a22001097a 4500100002600000245010900026260002900135300000900164942000800173999001500181952009100196 aAriyrathna, Sashikala aDevelopment of an Anodic Tripping voltammetry Methodology for determination of lead and cadmium in rice/ aColombo:bIchemc,c2016. a29p; cDES c3765d3765 0010708NFICaICbICcGENd2016-11-23l0pD0257r2016-11-23 00:00:00w2016-11-23yDIS